000 00593nam a2200217Ia 4500
005 20250108124943.0
008 008 250107s9999 xx 000 0 eng d
037 _aTB
040 _aCRL
_beng
_cCRL
041 _aeng
_2eng
084 _aD65,8(B) Q8
084 _qCRL
100 _aRumi Raza Au.
_9730151
245 0 _aFractious path: Pakistan's democratic transition
_cRumi Raza Au.
260 _aNoida, India
_bHarper Collins
_c2807
300 _axv,365p.
365 _aINR
_b310
650 _aPOLITICAL SCIENCE
942 _cTB
_hD65,8(B) Q8
999 _c1235195
_d1235195